[Event "Femida-The Cup of Mayor of Kharkiv-2007"]
[Site "Kharkiv"]
[Date "2007.10.24"]
[Round "5"]
[White "Kovchan, A."]
[Black "Simonian, H."]
[Result "1/2-1/2"]
[WhiteElo "2507"]
[BlackElo "2405"]
[PlyCount "335"]
[EventDate "2007.10.21"]
[SourceDate "2007.10.21"]

1. e4 c5 2. Nf3 e6 3. d4 cxd4 4. Nxd4 a6 5. Bd3 Bc5 6. Nb3 Be7 7. Qg4 g6 8. Nc3
d6 9. a4 Nc6 10. a5 Nf6 11. Qe2 e5 12. Bh6 Be6 13. Bc4 Qc8 14. Bxe6 Qxe6 15.
Bg7 Rg8 16. Bxf6 Bxf6 17. Nd5 O-O-O 18. O-O-O Bg5+ 19. Kb1 Kb8 20. f3 Rc8 21.
Rd3 f5 22. Rhd1 Bd8 23. Qe1 fxe4 24. fxe4 Rf8 25. h3 Qg8 26. Qd2 Qf7 27. Rf3
Qg8 28. Rdf1 Rxf3 29. Rxf3 Qe6 30. Rd3 Qf7 31. Rf3 Qe6 32. Rf1 h5 33. Rf3 Bh4
34. Nb6 Re8 35. Rd3 Be7 36. Nd5 Bd8 37. Nb4 Nxb4 38. Qxb4 Bc7 39. Nd2 Rd8 40.
c4 Qd7 41. Rf3 Re8 42. Kc2 Ka7 43. Kb1 Re7 44. Rf6 Re6 45. Rf3 Re7 46. Qa3 Rf7
47. Qe3+ Kb8 48. Rxf7 Qxf7 49. b4 Bd8 50. Kc2 g5 51. Qe2 Qd7 52. Kb3 g4 53. Qd3
Bc7 54. Qf1 gxh3 55. gxh3 b6 56. axb6 Bxb6 57. Qf5 Qe8 58. Qf6 Bc7 59. Nb1 Qg8
60. Qf3 h4 61. Nc3 a5 62. Qh5 axb4 63. Kxb4 Qg3 64. Qe8+ Kb7 65. Qb5+ Kc8 66.
Qe8+ Kb7 67. Qd7 Qe1 68. Qb5+ Kc8 69. Qe8+ Kb7 70. Kb3 Qg3 71. Qe6 Qe3 72. Qd7
Qg3 73. c5 dxc5 74. Kc4 Qg1 75. Qb5+ Kc8 76. Qxc5 Qf1+ 77. Kb4 Qe1 78. Kb3 Qg3
79. Kb4 Qe1 80. Qc6 Kd8 81. Qf6+ Kd7 82. Kc4 Bd6 83. Qf5+ Kd8 84. Qf7 Qc1 85.
Qg8+ Kd7 86. Qh7+ Kc6 87. Qxh4 Qf1+ 88. Kb3 Qf7+ 89. Kc2 Qf3 90. Qg4 Qf2+ 91.
Qe2 Qc5 92. Qf1 Be7 93. Qf7 Kd6 94. Qd5+ Qxd5 95. Nxd5 Bg5 96. Kd3 Ke6 97. Ke2
Kf7 98. Kf3 Kg6 99. Kg4 Bd8 100. Ne3 Bg5 101. Nf5 Bd2 102. Nh4+ Kf6 103. Kh5
Bc1 104. Kg4 Bd2 105. Nf5 Bc1 106. h4 Bd2 107. Nd6 Bc1 108. Ne8+ Kf7 109. Nc7
Kg6 110. Nd5 Bd2 111. h5+ Kh6 112. Nb6 Be3 113. Nc4 Bf4 114. Nb2 Bd2 115. Nd1
Bc1 116. Nc3 Bd2 117. Ne2 Be3 118. Ng3 Bc1 119. Nf5+ Kh7 120. Kf3 Bd2 121. Ke2
Bc1 122. Kd3 Bf4 123. Kc4 Bc1 124. Kd5 Bb2 125. Ke6 Bc3 126. Kf6 Bb2 127. Kg5
Bc1+ 128. Kg4 Bd2 129. Ne7 Kh6 130. Nd5 Bc1 131. Nb4 Bd2 132. Nc6 Bc3 133. Nd8
Bb2 134. Nf7+ Kg7 135. Nd6 Kh6 136. Kh4 Bc3 137. Nf5+ Kh7 138. Ne3 Be1+ 139.
Kg4 Kh6 140. Nf1 Bc3 141. Nh2 Bd4 142. Nf3 Bb2 143. Nh4 Bc3 144. Nf5+ Kh7 145.
Kg5 Bd2+ 146. Kh4 Be1+ 147. Kh3 Bc3 148. Kg4 Bd2 149. Nh4 Kh6 150. Nf3 Bc3 151.
Kh4 Bd4 152. Nd2 Bf2+ 153. Kg4 Bd4 154. Nc4 Bc3 155. Ne3 Bd2 156. Nd5 Bc1 157.
Ne7 Bd2 158. Nf5+ Kh7 159. Kf3 Bc1 160. Ke2 Ba3 161. Kd2 Bb2 162. h6 Ba3 163.
Kc3 Bc1 164. Kc4 Kg6 165. Kd5 Bb2 166. Kc4 Bc1 167. Kc3 Bxh6 168. Kc4 1/2-1/2

[Event "Femida-The Cup of Mayor of Kharkiv-2007"]
[Site "Kharkiv"]
[Date "2007.10.24"]
[Round "5"]
[White "Zherebukh, Y."]
[Black "Aveskulov, V."]
[Result "1-0"]
[WhiteElo "2450"]
[BlackElo "2545"]
[PlyCount "107"]
[EventDate "2007.10.21"]
[SourceDate "2007.10.21"]

1. e4 c5 2. Nf3 d6 3. d4 Nf6 4. Nc3 cxd4 5. Nxd4 a6 6. Be3 e5 7. Nb3 Be6 8. f3
Nbd7 9. Qd2 b5 10. O-O-O Nb6 11. Qf2 Nc4 12. Bxc4 bxc4 13. Na5 Nd7 14. Nc6 Qc7
15. Nb4 Qb7 16. Nbd5 Rb8 17. b3 cxb3 18. cxb3 Be7 19. Kb2 Bd8 20. Qg3 g6 21.
Bh6 Nc5 22. Ka1 Bxd5 23. Nxd5 Nxb3+ 24. axb3 Qxb3 25. Qf2 Rb5 26. Rd2 Bb6 27.
Nxb6 Rxb6 28. Qe3 Qb4 29. Rc1 Kd7 30. Qc3 Rhb8 31. Qxb4 Rxb4 32. Ra2 f5 33.
Rxa6 fxe4 34. fxe4 Ke6 35. Rd1 R8b6 36. Rxb6 Rxb6 37. Bf8 h5 38. Ka2 g5 39. Ka3
g4 40. Rd2 Rb1 41. g3 Re1 42. Rxd6+ Kf7 43. Bh6 Rxe4 44. Kb3 Re2 45. Rd2 Re1
46. Rf2+ Ke6 47. Bd2 Rb1+ 48. Kc2 Rh1 49. Bc3 Kd5 50. Rd2+ Ke4 51. Re2+ Kf3 52.
Kd2 h4 53. gxh4 e4 54. Bd4 1-0

[Event "Femida-The Cup of Mayor of Kharkiv-2007"]
[Site "Kharkiv"]
[Date "2007.10.25"]
[Round "5"]
[White "Sjugirov, S."]
[Black "Arzumanian, G."]
[Result "1-0"]
[WhiteElo "2422"]
[BlackElo "2493"]
[PlyCount "125"]
[EventDate "2007.10.21"]
[SourceDate "2007.10.21"]

1. e4 d6 2. d4 Nf6 3. Nc3 e5 4. Nf3 Nbd7 5. Bc4 Be7 6. O-O O-O 7. Re1 c6 8. a4
a5 9. b3 exd4 10. Nxd4 Nc5 11. Bb2 Be6 12. Nxe6 fxe6 13. e5 Nd5 14. Ne4 dxe5
15. Bxe5 Nxe4 16. Rxe4 Bc5 17. Bd4 Qb6 18. Bxc5 Qxc5 19. Qd4 Qxd4 20. Rxd4 Rad8
21. Re4 Kf7 22. Rae1 Rfe8 23. g3 g6 24. Re5 b6 25. h4 Nc7 26. R1e2 Rd6 27. h5
Nd5 28. hxg6+ hxg6 29. Kg2 Kf6 30. Re1 Rh8 31. R5e4 Kf7 32. Rg4 Nb4 33. Rf4+
Ke7 34. Rfe4 Nd5 35. Rg4 Kf6 36. Bd3 Ne7 37. Rf4+ Kg7 38. Re5 Rh6 39. Re1 Rh8
40. Be2 c5 41. Bc4 Nf5 42. Rxe6 Rxe6 43. Bxe6 Nd6 44. Rf3 Re8 45. Bg4 Nf7 46.
Rd3 Re7 47. Bf3 Kf6 48. Bd5 Ne5 49. Re3 Rd7 50. c4 g5 51. f4 gxf4 52. gxf4 Ng6
53. Kf3 Re7 54. Be4 Nf8 55. Rd3 Rd7 56. Rxd7 Nxd7 57. Bb7 Nf8 58. Bc8 Ng6 59.
Ke4 Ne7 60. Bd7 Ng6 61. Kd5 Nxf4+ 62. Kc6 Ke7 63. Bg4 1-0

[Event "Femida-The Cup of Mayor of Kharkiv-2007"]
[Site "Kharkiv"]
[Date "2007.10.25"]
[Round "6"]
[White "Erturan, Y."]
[Black "Arzumanian, G."]
[Result "1/2-1/2"]
[WhiteElo "2418"]
[BlackElo "2493"]
[PlyCount "85"]
[EventDate "2007.10.21"]
[SourceDate "2007.10.21"]

1. e4 c5 2. Nf3 Nc6 3. Nc3 d6 4. d4 cxd4 5. Nxd4 Nf6 6. Be2 e5 7. Nf3 h6 8. O-O
Be7 9. h3 O-O 10. Re1 Be6 11. Bf1 Qd7 12. Nd5 Bd8 13. c4 Bxd5 14. exd5 Ne7 15.
a4 a5 16. Qb3 Qc7 17. Be3 Nd7 18. Qa3 Nf5 19. Bd2 b6 20. Qd3 Nh4 21. Nxh4 Bxh4
22. Qf5 Bf6 23. c5 Nxc5 24. Bxh6 Qd8 25. Be3 Rc8 26. Bb5 g6 27. Qg4 Kg7 28.
Rac1 Rc7 29. Rc2 Be7 30. Qe2 f5 31. Bd2 Bf6 32. Rec1 Bg5 33. Bxg5 Qxg5 34. Rf1
Qf6 35. f3 Rh8 36. Rb1 Qf7 37. b4 axb4 38. Rxb4 e4 39. fxe4 fxe4 40. Qe3 Qxd5
41. Rd4 Qe5 42. Rxe4 Qf6 43. Rf4 1/2-1/2

[Event "Femida-The Cup of Mayor of Kharkiv-2007"]
[Site "Kharkiv"]
[Date "2007.10.25"]
[Round "6"]
[White "Aveskulov, V."]
[Black "Sjugirov, S."]
[Result "0-1"]
[WhiteElo "2545"]
[BlackElo "2422"]
[PlyCount "72"]
[EventDate "2007.10.21"]
[SourceDate "2007.10.21"]

1. e4 c5 2. Nf3 d6 3. d4 cxd4 4. Nxd4 Nf6 5. Nc3 a6 6. Be2 e5 7. Nb3 Be7 8. O-O
O-O 9. Qd3 Be6 10. Nd5 Bxd5 11. exd5 Nbd7 12. Be3 Nc5 13. Nxc5 dxc5 14. Rfd1
Bd6 15. a4 Nd7 16. Bg4 g6 17. Bxd7 Qxd7 18. Qc3 f5 19. f3 Rac8 20. b3 Qc7 21.
Qc4 Rf7 22. Rf1 Re8 23. Rae1 h5 24. Bc1 Kh7 25. Re2 e4 26. f4 g5 27. g3 h4 28.
fxg5 hxg3 29. hxg3 Kg6 30. Bf4 Rh7 31. Rg2 Bxf4 32. Rxf4 Qe5 33. Qxc5 e3 34.
Qb6+ Kxg5 35. Rh4 Rhh8 36. Kf1 e2+ 0-1

[Event "Femida-The Cup of Mayor of Kharkiv-2007"]
[Site "Kharkiv"]
[Date "2007.10.25"]
[Round "6"]
[White "Simonian, H."]
[Black "Zherebukh, Y."]
[Result "1/2-1/2"]
[WhiteElo "2405"]
[BlackElo "2450"]
[PlyCount "74"]
[EventDate "2007.10.21"]
[SourceDate "2007.10.21"]

1. e4 c5 2. Nc3 d6 3. g3 Nc6 4. Bg2 g6 5. Nge2 Bg7 6. d3 e5 7. Be3 Nge7 8. O-O
O-O 9. Qd2 Nd4 10. Rac1 Qa5 11. Nxd4 cxd4 12. Nd5 Qd8 13. Nxe7+ Qxe7 14. Bh6
Bxh6 15. Qxh6 Be6 16. f4 exf4 17. Qxf4 Qc7 18. Qf6 Qb6 19. h4 Rac8 20. h5 Qc5
21. h6 Qe5 22. a3 Qxf6 23. Rxf6 b5 24. c4 Rc7 25. Bf1 Rb8 26. b4 Kf8 27. Rf2
Ke7 28. Rfc2 Rbc8 29. Kf2 Kf6 30. Ke1 Ke5 31. Kd2 bxc4 32. dxc4 Kxe4 33. Bg2+
Ke5 34. Re1+ Kf6 35. Kd3 Kg5 36. Rec1 Kxh6 37. Kxd4 Kg5 1/2-1/2

[Event "Femida-The Cup of Mayor of Kharkiv-2007"]
[Site "Kharkiv"]
[Date "2007.10.25"]
[Round "6"]
[White "Onischuk, V."]
[Black "Kovchan, A."]
[Result "0-1"]
[WhiteElo "2469"]
[BlackElo "2507"]
[PlyCount "98"]
[EventDate "2007.10.21"]
[SourceDate "2007.10.21"]

1. e4 c5 2. Nf3 Nc6 3. d4 cxd4 4. Nxd4 e6 5. Nc3 a6 6. g3 Qc7 7. Bg2 b5 8. O-O
Bb7 9. Re1 Bb4 10. Nxc6 Bxc3 11. bxc3 Qxc6 12. Qd4 f6 13. Ba3 Ne7 14. Rad1 Nc8
15. Rd3 Nb6 16. Red1 O-O-O 17. Be7 Rde8 18. Bd6 f5 19. Bf4 fxe4 20. Qe5 d5 21.
Bxe4 Nc4 22. Qb8+ Kd7 23. Qa7 Nb6 24. Be3 Kc7 25. Bg2 Re7 26. Qxb6+ Qxb6 27.
Bxb6+ Kxb6 28. f4 g6 29. Re1 Kc5 30. Re5 Kd6 31. Rde3 Rhe8 32. Kf2 Rc7 33. Bh3
Bc8 34. Bg2 Bd7 35. Bh3 Rc4 36. Ke1 Ra4 37. f5 gxf5 38. Bxf5 exf5 39. Rxe8 Bxe8
40. Rxe8 Re4+ 41. Rxe4 dxe4 42. Ke2 Kd5 43. Ke3 Kc4 44. Kd2 a5 45. a3 a4 46. h3
h5 47. h4 e3+ 48. Kxe3 Kxc3 49. Kf4 b4 0-1

[Event "Femida-The Cup of Mayor of Kharkiv-2007"]
[Site "Kharkiv"]
[Date "2007.10.25"]
[Round "6"]
[White "Mamedov, N."]
[Black "Shalimov, V."]
[Result "1-0"]
[WhiteElo "2565"]
[BlackElo "2439"]
[PlyCount "51"]
[EventDate "2007.10.21"]
[SourceDate "2007.10.21"]

1. e4 c5 2. Nf3 Nc6 3. Bb5 g6 4. O-O Bg7 5. Bxc6 dxc6 6. h3 Nf6 7. Nc3 Nd7 8.
d3 Nf8 9. Be3 Ne6 10. Qd2 Nd4 11. Nh2 O-O 12. f4 e5 13. fxe5 Bxe5 14. Nf3 Bg7
15. Bh6 Be6 16. Bxg7 Kxg7 17. Kh1 f6 18. Rae1 Qd7 19. b3 Rad8 20. Nxd4 cxd4 21.
Ne2 c5 22. Nf4 Rde8 23. Rf3 f5 24. e5 Kh8 25. Kg1 Qd8 26. Nxg6+ 1-0

[Event "Femida-The Cup of Mayor of Kharkiv-2007"]
[Site "Kharkiv"]
[Date "2007.10.25"]
[Round "6"]
[White "Atakisi, U."]
[Black "Korobkov, P."]
[Result "0-1"]
[WhiteElo "2399"]
[BlackElo "2469"]
[PlyCount "46"]
[EventDate "2007.10.21"]
[SourceDate "2007.10.21"]

1. e4 c5 2. Nf3 e6 3. d4 cxd4 4. Nxd4 a6 5. Nc3 Qc7 6. Bd3 Nf6 7. O-O Bc5 8.
Be3 d6 9. Qe2 e5 10. Nb3 Bxe3 11. Qxe3 Be6 12. f4 Nbd7 13. Kh1 b5 14. fxe5 dxe5
15. a4 b4 16. Nd5 Nxd5 17. exd5 Bxd5 18. Qg3 g6 19. Rae1 O-O 20. Nd4 Kh8 21.
Qh4 Qd8 22. Qh6 exd4 23. Rf4 f5 0-1

[Event "Femida-The Cup of Mayor of Kharkiv-2007"]
[Site "Kharkiv"]
[Date "2007.10.26"]
[Round "7"]
[White "Korobkov, P."]
[Black "Erturan, Y."]
[Result "1-0"]
[WhiteElo "2469"]
[BlackElo "2418"]
[PlyCount "39"]
[EventDate "2007.10.21"]
[SourceDate "2007.10.21"]

1. d4 Nf6 2. Nf3 e6 3. c4 d5 4. g3 Bb4+ 5. Bd2 Qe7 6. Bg2 Ne4 7. O-O Nxd2 8.
Nbxd2 c6 9. e4 O-O 10. a3 Ba5 11. b4 Bc7 12. Re1 dxc4 13. Nxc4 Rd8 14. Qc2 Nd7
15. Rad1 Nb6 16. Na5 Rb8 17. Rc1 Na8 18. Nb3 a5 19. bxa5 Qxa3 20. Nc5 1-0

[Event "Femida-The Cup of Mayor of Kharkiv-2007"]
[Site "Kharkiv"]
[Date "2007.10.26"]
[Round "7"]
[White "Shalimov, V."]
[Black "Atakisi, U."]
[Result "1/2-1/2"]
[WhiteElo "2439"]
[BlackElo "2399"]
[PlyCount "97"]
[EventDate "2007.10.21"]
[SourceDate "2007.10.21"]

1. d4 Nf6 2. Nf3 g6 3. Bg5 Bg7 4. Nbd2 c5 5. Bxf6 Bxf6 6. Ne4 Qb6 7. Nxf6+ Qxf6
8. c3 cxd4 9. Qxd4 Qxd4 10. cxd4 d6 11. Rc1 Nc6 12. a3 Bd7 13. e4 e5 14. d5 Ne7
15. Bd3 Rc8 16. Kd2 h6 17. Ke3 O-O 18. Nd2 Rxc1 19. Rxc1 Rc8 20. Ra1 Rc7 21. a4
Kf8 22. Bb5 Ke8 23. Nc4 Nc8 24. Bxd7+ Kxd7 25. Kd3 Ne7 26. b4 Nc8 27. a5 a6 28.
h4 h5 29. Rb1 Na7 30. g3 Nb5 31. Re1 Ke7 32. f4 f6 33. Rf1 Rc8 34. f5 Kf7 35.
Rf2 Rc7 36. Rf3 Rc8 37. fxg6+ Kxg6 38. Rf5 Rc7 39. Rf1 Kg7 40. Rf2 Rc8 41. Rc2
Kh7 42. Rf2 Kg7 43. Rf5 Kg6 44. Rf1 Kg7 45. Rf2 Rc7 46. Re2 Kh7 47. Re1 Rc8 48.
Rf1 Kg7 49. Rf2 1/2-1/2

[Event "Femida-The Cup of Mayor of Kharkiv-2007"]
[Site "Kharkiv"]
[Date "2007.10.26"]
[Round "7"]
[White "Zherebukh, Y."]
[Black "Onischuk, V."]
[Result "1-0"]
[WhiteElo "2450"]
[BlackElo "2469"]
[PlyCount "75"]
[EventDate "2007.10.21"]
[SourceDate "2007.10.21"]

1. e4 c5 2. Nf3 d6 3. d4 cxd4 4. Nxd4 Nf6 5. Nc3 a6 6. Be2 e5 7. Nb3 Be7 8. O-O
O-O 9. Kh1 Be6 10. f4 Qc7 11. a4 Nbd7 12. a5 Rac8 13. f5 Bc4 14. g4 h6 15. g5
hxg5 16. Bxg5 d5 17. Bxc4 dxc4 18. Nd2 Rfd8 19. Rg1 Kf8 20. Qf3 Bb4 21. Nd5
Nxd5 22. exd5 Bxd2 23. Bxd2 Qd6 24. Qg2 Nf6 25. Rad1 Ke7 26. Rge1 Kd7 27. Bc3
Re8 28. Qxg7 Re7 29. Bb4 Qxb4 30. d6 Qc5 31. dxe7+ Kxe7 32. Qg3 e4 33. Qh4 Qe5
34. c3 Rg8 35. Rd4 e3 36. Qh3 Nd5 37. Qf3 Rd8 38. Re4 1-0

[Event "Femida-The Cup of Mayor of Kharkiv-2007"]
[Site "Kharkiv"]
[Date "2007.10.26"]
[Round "7"]
[White "Sjugirov, S."]
[Black "Simonian, H."]
[Result "1/2-1/2"]
[WhiteElo "2422"]
[BlackElo "2405"]
[PlyCount "73"]
[EventDate "2007.10.21"]
[SourceDate "2007.10.21"]

1. e4 c5 2. Nf3 e6 3. d4 cxd4 4. Nxd4 a6 5. Bd3 Bc5 6. Nb3 Be7 7. Qg4 g6 8. Qe2
d6 9. O-O h5 10. c4 Nf6 11. Nc3 b6 12. Bg5 Bb7 13. Rfd1 Nbd7 14. a4 h4 15. h3
Nh5 16. Bxe7 Qxe7 17. Qe3 g5 18. Bf1 Rg8 19. f3 Nc5 20. Nd4 a5 21. Rd2 Rd8 22.
Rad1 Qf6 23. Ndb5 Qf4 24. Qf2 Qg3 25. Rxd6 Qxf2+ 26. Kxf2 Rxd6 27. Rxd6 Nd7 28.
c5 bxc5 29. Na3 Ke7 30. Nc4 Ra8 31. Nb5 Nhf6 32. Ke3 Ne8 33. Rxd7+ Kxd7 34.
Nb6+ Ke7 35. Nxa8 Bxa8 36. f4 f6 37. Nc3 1/2-1/2

[Event "Femida-The Cup of Mayor of Kharkiv-2007"]
[Site "Kharkiv"]
[Date "2007.10.26"]
[Round "7"]
[White "Arzumanian, G."]
[Black "Aveskulov, V."]
[Result "1/2-1/2"]
[WhiteElo "2493"]
[BlackElo "2545"]
[PlyCount "32"]
[EventDate "2007.10.21"]
[SourceDate "2007.10.21"]

1. d4 d5 2. Bg5 h6 3. Bh4 c6 4. c3 Qb6 5. Qb3 Bf5 6. Nd2 Nd7 7. Ngf3 e6 8. e3
Bd6 9. Be2 Ngf6 10. O-O O-O 11. Bg3 Bxg3 12. hxg3 Ne4 13. Nxe4 Bxe4 14. Nd2 Bg6
15. Nf3 Be4 16. Nd2 Bg6 1/2-1/2

[Event "Femida-The Cup of Mayor of Kharkiv-2007"]
[Site "Kharkiv"]
[Date "2007.10.26"]
[Round "8"]
[White "Erturan, Y."]
[Black "Aveskulov, V."]
[Result "0-1"]
[WhiteElo "2418"]
[BlackElo "2545"]
[PlyCount "60"]
[EventDate "2007.10.21"]
[SourceDate "2007.10.21"]

1. e4 c5 2. Nf3 d6 3. d4 cxd4 4. Nxd4 Nf6 5. Nc3 a6 6. Be3 e5 7. Nb3 Be6 8. f3
h5 9. Qd2 Nbd7 10. O-O-O Rc8 11. Nd5 Bxd5 12. exd5 Nb6 13. Bxb6 Qxb6 14. Kb1 g6
15. g3 Bh6 16. Qd3 O-O 17. Bh3 Rc7 18. Nd2 Bxd2 19. Rxd2 Rc5 20. Qe3 Qa5 21.
Rd3 Rxd5 22. Rhd1 Rxd3 23. Rxd3 Rd8 24. a3 Kg7 25. g4 Nd5 26. Qd2 Qxd2 27. Rxd2
Nf4 28. Bf1 hxg4 29. fxg4 f5 30. gxf5 gxf5 0-1

[Event "Femida-The Cup of Mayor of Kharkiv-2007"]
[Site "Kharkiv"]
[Date "2007.10.26"]
[Round "8"]
[White "Simonian, H."]
[Black "Arzumanian, G."]
[Result "1-0"]
[WhiteElo "2405"]
[BlackElo "2493"]
[PlyCount "65"]
[EventDate "2007.10.21"]
[SourceDate "2007.10.21"]

1. e4 c5 2. Nc3 d6 3. g3 Nc6 4. Bg2 g6 5. Nge2 Bg7 6. O-O Rb8 7. d3 b5 8. f4 e6
9. f5 b4 10. fxe6 fxe6 11. e5 Nxe5 12. Ne4 Nf6 13. Bg5 O-O 14. d4 Ned7 15. Bh3
Qe7 16. Nf4 Nb6 17. dxc5 e5 18. Nxf6+ Bxf6 19. Nd5 Nxd5 20. Qxd5+ Kg7 21. cxd6
Qb7 22. Bxf6+ Rxf6 23. Qxb7+ Bxb7 24. Rxf6 Kxf6 25. Rf1+ Kg7 26. Be6 Rf8 27. d7
Rd8 28. Rf7+ Kh8 29. Re7 Bc6 30. Kf2 a6 31. c4 Rf8+ 32. Ke3 Rd8 33. b3 1-0

[Event "Femida-The Cup of Mayor of Kharkiv-2007"]
[Site "Kharkiv"]
[Date "2007.10.26"]
[Round "8"]
[White "Onischuk, V."]
[Black "Sjugirov, S."]
[Result "1/2-1/2"]
[WhiteElo "2469"]
[BlackElo "2422"]
[PlyCount "188"]
[EventDate "2007.10.21"]
[SourceDate "2007.10.21"]

1. e4 c5 2. Nf3 d6 3. d4 cxd4 4. Nxd4 Nf6 5. Nc3 a6 6. Be2 e5 7. Nb3 Be7 8. Bg5
Nbd7 9. a4 h6 10. Bh4 b6 11. Bc4 Bb7 12. Qe2 Qc7 13. O-O O-O 14. Rfd1 Rfc8 15.
Bxf6 Nxf6 16. Nd2 Bf8 17. Bb3 Bc6 18. Nf1 Ra7 19. Qf3 Qb7 20. Ng3 b5 21. axb5
axb5 22. Rxa7 Qxa7 23. Nh5 Nxh5 24. Qxh5 Rc7 25. Qe2 b4 26. Nd5 Bxd5 27. Bxd5
g6 28. g3 Kg7 29. Bb3 d5 30. Rxd5 Qa1+ 31. Kg2 Qxb2 32. Qb5 Rxc2 33. Bxc2 Qxc2
34. Rd3 Bc5 35. Rf3 Bd4 36. Qd5 Qc7 37. h3 h5 38. h4 Bc3 39. Rd3 Bd4 40. Rxd4
exd4 41. Qxd4+ Kg8 42. Qxb4 Qc2 43. Qb8+ Kg7 44. Qe5+ Kg8 45. Qd4 Qe2 46. Qe5
Kh7 47. Qf4 Kg8 48. Qf3 Qc4 49. Qe3 Kg7 50. Qf3 Qd4 51. Qf4 Qc4 52. Qe5+ Kg8
53. Qd5 Qe2 54. Qc6 Kh7 55. Qa8 Kg7 56. Qb7 Kg8 57. Qc8+ Kh7 58. Qe8 Kg7 59.
Qe5+ Kg8 60. Qf4 Kg7 61. Qf3 Qc4 62. Kh2 Qd4 63. Qf4 Qc4 64. Kg2 Qe2 65. e5 Kg8
66. Kh2 Qb2 67. Qe3 Qa2 68. Qd4 Kh7 69. Kg2 Qe2 70. Qe3 Qa2 71. Qf3 Kg8 72. Qf6
Qd5+ 73. Kh2 Qd4 74. Qf4 Qd5 75. Qe3 Qa2 76. Kg2 Qd5+ 77. f3 Qa2+ 78. Qf2 Qd5
79. Qe2 Kg7 80. Kh2 Qd4 81. g4 hxg4 82. fxg4 Qf4+ 83. Kg2 Kh6 84. e6 fxe6 85.
Qxe6 Qd2+ 86. Kf3 Qd1+ 87. Kf2 Qd2+ 88. Qe2 Qf4+ 89. Kg2 Kg7 90. Qe7+ Kg8 91.
Qg5 Qxg5 92. hxg5 Kf7 93. Kf3 Ke6 94. Ke4 Kd6 1/2-1/2

[Event "Femida-The Cup of Mayor of Kharkiv-2007"]
[Site "Kharkiv"]
[Date "2007.10.26"]
[Round "8"]
[White "Mamedov, N."]
[Black "Zherebukh, Y."]
[Result "1/2-1/2"]
[WhiteElo "2565"]
[BlackElo "2450"]
[PlyCount "94"]
[EventDate "2007.10.21"]
[SourceDate "2007.10.21"]

1. e4 c5 2. Nf3 d6 3. d4 cxd4 4. Nxd4 Nf6 5. Nc3 Nc6 6. f3 e5 7. Nb3 Be7 8. Be3
O-O 9. Qd2 a5 10. Bb5 Na7 11. Bd3 Nc6 12. Bb5 Na7 13. Be2 Nc6 14. Rd1 Be6 15.
a3 a4 16. Nc1 Ra5 17. Bb5 Rxb5 18. Nxb5 d5 19. exd5 Nxd5 20. Nc3 Nxe3 21. Qxe3
Qa5 22. Nd3 Bxa3 23. O-O Be7 24. Ne4 b6 25. Kh1 f5 26. Nef2 Bf6 27. Rfe1 Nd4
28. Qd2 Qd5 29. Nb4 Qb7 30. c3 Nb3 31. Qd6 Nc5 32. Qc6 Qxc6 33. Nxc6 Bb3 34.
Rd6 e4 35. fxe4 fxe4 36. Nxe4 Nxe4 37. Rxe4 Bxc3 38. h3 Bxb2 39. Ne7+ Kf7 40.
Rxb6 Re8 41. Nf5 Rxe4 42. Nd6+ Ke7 43. Nxe4 a3 44. Rxb3 a2 45. Rb7+ Kf8 46. Ra7
a1=Q+ 47. Rxa1 Bxa1 1/2-1/2

[Event "Femida-The Cup of Mayor of Kharkiv-2007"]
[Site "Kharkiv"]
[Date "2007.10.26"]
[Round "8"]
[White "Atakisi, U."]
[Black "Kovchan, A."]
[Result "1-0"]
[WhiteElo "2399"]
[BlackElo "2507"]
[PlyCount "71"]
[EventDate "2007.10.21"]
[SourceDate "2007.10.21"]

1. e4 c5 2. Nf3 Nc6 3. Nc3 e6 4. d4 cxd4 5. Nxd4 a6 6. Be3 Nf6 7. Bd3 Bb4 8.
O-O Bxc3 9. bxc3 Qc7 10. Nxc6 bxc6 11. f4 c5 12. e5 Nd5 13. Qf3 Rb8 14. f5 Nxe3
15. Qxe3 c4 16. Be2 Rb5 17. fxe6 dxe6 18. Bf3 Rxe5 19. Bc6+ Ke7 20. Qg3 g5 21.
Kh1 f6 22. Rae1 Rf8 23. Re4 Qd6 24. Rxc4 Kf7 25. Re4 Rf5 26. Rxf5 Qxc6 27. Qg4
Kg6 28. Rf1 f5 29. Qe2 Kf6 30. Rc4 Qa8 31. h4 Bb7 32. hxg5+ Kxg5 33. Qe3+ f4
34. Rfxf4 Bxg2+ 35. Kg1 Bh3 36. Qg3+ 1-0

[Event "Femida-The Cup of Mayor of Kharkiv-2007"]
[Site "Kharkiv"]
[Date "2007.10.26"]
[Round "8"]
[White "Korobkov, P."]
[Black "Shalimov, V."]
[Result "1/2-1/2"]
[WhiteElo "2469"]
[BlackElo "2439"]
[PlyCount "77"]
[EventDate "2007.10.21"]
[SourceDate "2007.10.21"]

1. d4 d5 2. c4 c6 3. Nf3 Nf6 4. e3 Bf5 5. Nc3 e6 6. Nh4 Bg6 7. Nxg6 hxg6 8. g3
Nbd7 9. a3 Be7 10. c5 e5 11. Bd3 exd4 12. exd4 Nf8 13. Be3 Ne6 14. b4 a6 15.
Ra2 Qd7 16. O-O O-O 17. f4 Rfe8 18. f5 gxf5 19. Bxf5 g6 20. Bb1 Nh7 21. Qg4 Bg5
22. Bxg5 Nhxg5 23. h4 f5 24. Bxf5 gxf5 25. Rxf5 Qg7 26. hxg5 Qxd4+ 27. Qxd4
Nxd4 28. Rf4 Nb5 29. Ne2 Re3 30. Kf2 Rae8 31. g6 Nc3 32. Nxc3 Rxc3 33. Rf7 Rf8
34. Rxf8+ Kxf8 35. Re2 Rxa3 36. g7+ Kxg7 37. Re7+ Kf6 38. Rxb7 a5 39. b5
1/2-1/2

[Event "Femida-The Cup of Mayor of Kharkiv-2007"]
[Site "Kharkiv"]
[Date "2007.10.27"]
[Round "9"]
[White "Shalimov, V."]
[Black "Erturan, Y."]
[Result "1-0"]
[WhiteElo "2439"]
[BlackElo "2418"]
[PlyCount "77"]
[EventDate "2007.10.21"]
[SourceDate "2007.10.21"]

1. d4 Nf6 2. Nf3 g6 3. Bg5 Bg7 4. c3 O-O 5. Nbd2 d5 6. e3 Nbd7 7. Be2 Re8 8. b4
e5 9. Nb3 c6 10. O-O h6 11. Bh4 g5 12. Bg3 Ne4 13. Rc1 Nxg3 14. hxg3 e4 15.
Nfd2 b5 16. a4 a6 17. Ra1 Nb6 18. Nc5 f5 19. axb5 axb5 20. Rxa8 Nxa8 21. Qa1
Nb6 22. Qa5 Be6 23. Bh5 Bf7 24. Bxf7+ Kxf7 25. Ra1 Re7 26. Qa6 Qc7 27. Qa2 Qb8
28. g4 f4 29. exf4 Qxf4 30. Ndxe4 Nc4 31. Ng3 Qxg4 32. Qa8 Rc7 33. Ra7 Qf4 34.
Nh5 Qc1+ 35. Kh2 Rxa7 36. Qxa7+ Kg6 37. Qxg7+ Kxh5 38. Qf7+ Kh4 39. g3+ 1-0

[Event "Femida-The Cup of Mayor of Kharkiv-2007"]
[Site "Kharkiv"]
[Date "2007.10.27"]
[Round "9"]
[White "Kovchan, A."]
[Black "Korobkov, P."]
[Result "1/2-1/2"]
[WhiteElo "2507"]
[BlackElo "2469"]
[PlyCount "40"]
[EventDate "2007.10.21"]
[SourceDate "2007.10.21"]

1. e4 c5 2. Nf3 e6 3. d4 cxd4 4. Nxd4 Nc6 5. Nc3 Qc7 6. Nxc6 dxc6 7. Bd3 e5 8.
O-O Nf6 9. f4 Ng4 10. Qe1 exf4 11. Bxf4 Ne5 12. Qg3 f6 13. Be2 Be6 14. Nd1
O-O-O 15. Ne3 Bd6 16. Nf5 Bxf5 17. exf5 Nf7 18. Bxd6 Nxd6 19. Bd3 Rhe8 20. b3
Re5 1/2-1/2

[Event "Femida-The Cup of Mayor of Kharkiv-2007"]
[Site "Kharkiv"]
[Date "2007.10.27"]
[Round "9"]
[White "Zherebukh, Y."]
[Black "Atakisi, U."]
[Result "0-1"]
[WhiteElo "2450"]
[BlackElo "2399"]
[PlyCount "88"]
[EventDate "2007.10.21"]
[SourceDate "2007.10.21"]

1. e4 c5 2. Nf3 Nc6 3. d4 cxd4 4. Nxd4 Nf6 5. Nc3 e5 6. Ndb5 d6 7. Nd5 Nxd5 8.
exd5 Nb8 9. c4 Be7 10. Bd3 O-O 11. O-O a6 12. Nc3 f5 13. f3 Nd7 14. Be3 Bg5 15.
Bf2 g6 16. b4 Bh4 17. g3 Bf6 18. Rc1 b6 19. Na4 Kh8 20. Qe2 Bb7 21. Qe3 a5 22.
Nxb6 f4 23. gxf4 exf4 24. Qxf4 Nxb6 25. a3 axb4 26. axb4 Be5 27. Qh6 Bg7 28.
Qe3 Ra3 29. Qe2 Nd7 30. Bg3 Nf6 31. Be4 Nh5 32. Qd2 Bc8 33. c5 Nxg3 34. hxg3
Bh3 35. Rfe1 Be5 36. Qh6 Bf5 37. cxd6 Bg7 38. Qf4 Bxe4 39. Qxe4 Raxf3 40. Qe7
Qb6+ 41. Kh1 Qxb4 42. d7 Rf1+ 43. Kg2 R8f2+ 44. Kh3 Rh1+ 0-1

[Event "Femida-The Cup of Mayor of Kharkiv-2007"]
[Site "Kharkiv"]
[Date "2007.10.27"]
[Round "9"]
[White "Sjugirov, S."]
[Black "Mamedov, N."]
[Result "1/2-1/2"]
[WhiteElo "2422"]
[BlackElo "2565"]
[PlyCount "73"]
[EventDate "2007.10.21"]
[SourceDate "2007.10.21"]

1. e4 c5 2. Nf3 Nc6 3. d4 cxd4 4. Nxd4 Nf6 5. Nc3 d6 6. Bg5 e6 7. Qd2 Qb6 8.
O-O-O Qxd4 9. Qxd4 Nxd4 10. Rxd4 a6 11. f3 Bd7 12. Na4 Bxa4 13. Rxa4 Be7 14.
Bb5+ Nd7 15. Bf4 O-O-O 16. Bxd7+ Rxd7 17. Rd1 Rhd8 18. Rad4 g6 19. Bg3 f5 20.
Re1 e5 21. Rd5 Rf8 22. c3 f4 23. Bf2 Rc7 24. Kd2 Kd7 25. a4 Ke6 26. a5 g5 27.
h3 h5 28. Ke2 Rg8 29. Rh1 Rc4 30. Kd3 Rcc8 31. Ke2 Rg6 32. Rdd1 Rcg8 33. c4 g4
34. hxg4 hxg4 35. Rh7 R8g7 36. Rh8 Rg8 37. Rh7 1/2-1/2